[Event "Heusenstamm Schloss op"]
[Site "Heusenstamm"]
[Date "2023.11.25"]
[Round "4"]
[White "Mester, Philipp"]
[Black "Erdmann, Stefan"]
[Result "0-1"]
[WhiteElo "1806"]
[BlackElo "2062"]
[PlyCount "140"]
[EventDate "2023.11.23"]
[EventType "swiss"]
[EventRounds "7"]
[EventCountry "GER"]
[SourceTitle "CB50_2023"]
[SourceDate "2023.12.13"]
[SourceVersion "1"]
[SourceVersionDate "2023.12.13"]
[SourceQuality "1"]

1. d4 d5 2. c4 c6 3. cxd5 cxd5 4. Bf4 Nc6 5. Nc3 Nf6 6. e3 Bf5 7. Qb3 Na5 8. Qa4+ Bd7 9. Qc2 e6 10. Bd3 Rc8 11. Nf3 Nc6 12. a3 Be7 13. h3 a6 14. Qe2 Na5 15. 0-0 Nb3 16. Rad1 b5 17. e4 dxe4 18. Nxe4 Bc6 19. Be5 Qd5 20. Nfg5 Nd7 21. Qh5 g6 22. Qh6 Nxe5 23. Qg7 Nxd4 24. Qxh8+ Kd7 25. Qxh7 Bxg5 26. f3 Be7 27. Qg7 Nxd3 28. Qxf7 Ne2+ 29. Kh1 Kd8 30. Rd2 Be8 31. Qg7 Rc1 32. Rxc1 Nexc1 33. Rc2 e5 34. Nf6 Qf7 35. Nxe8 Qxe8 36. Rc3 a5 37. f4 b4 38. Rc4 Ne2 39. fxe5 Qf8 40. Qxf8+ Bxf8 41. Rc2 Ng3+ 42. Kh2 Ne4 43. axb4 axb4 44. Rc4 Nec5 45. Rg4 Bg7 46. Rxg6 Bxe5+ 47. Kg1 Bxb2 48. Rb6 Kc7 49. Rb5 Kc6 50. Rxb4 Nxb4 51. g4 Kd5 52. Kf2 Ke4 53. Kg3 Be5+ 54. Kh4 Kf4 55. Kh5 Ne6 56. Kg6 Nd5 57. g5 Nxg5 58. h4 Ne7+ 59. Kh5 Nf3 60. Kh6 Nxh4 61. Kh5 Nf3 62. Kh6 Kg4 63. Kh7 Ng5+ 64. Kh6 Ne6 65. Kh7 Bf4 66. Kh8 Kf5 67. Kh7 Kf6 68. Kh8 Kf7 69. Kh7 Nf8+ 70. Kh8 Be5# 0-1

[Event "Marburg op-A"]
[Site "Marburg"]
[Date "2023.10.28"]
[Round "4"]
[White "Westendorp, Christian"]
[Black "Erdmann, Stefan"]
[Result "0-1"]
[WhiteElo "1746"]
[BlackElo "2066"]
[PlyCount "54"]
[EventDate "2023.10.26"]
[EventType "swiss"]
[EventRounds "7"]
[EventCountry "GER"]
[SourceTitle "CB49_2023"]
[SourceDate "2023.12.06"]
[SourceVersion "1"]
[SourceVersionDate "2023.12.06"]
[SourceQuality "1"]

1. d4 d5 2. c4 c6 3. cxd5 cxd5 4. Bf4 Nc6 5. e3 Nf6 6. Nc3 Bf5 7. Bd3 Bxd3 8. Qxd3 e6 9. a3 Be7 10. h3 0-0 11. Nf3 Qb6 12. 0-0 Rfc8 13. b4 Qd8 14. Rfc1 Nh5 15. Bh2 f5 16. Qe2 Nf6 17. Rc2 Nd7 18. Na4 Nb6 19. Nc5 Bxc5 20. dxc5 Qf6 21. Raa2 Nc4 22. Nd4 Nxd4 23. exd4 f4 24. Qg4 Rf8 25. Re2 Rae8 26. Re1 Qxd4 27. Rxe6 Ne5 0-1

[Event "Marburg op-A"]
[Site "Marburg"]
[Date "2023.10.27"]
[Round "2"]
[White "Rabiya, Karim"]
[Black "Erdmann, Stefan"]
[Result "0-1"]
[WhiteElo "1765"]
[BlackElo "2066"]
[PlyCount "86"]
[EventDate "2023.10.26"]
[EventType "swiss"]
[EventRounds "7"]
[EventCountry "GER"]
[SourceTitle "CB49_2023"]
[SourceDate "2023.12.06"]
[SourceVersion "1"]
[SourceVersionDate "2023.12.06"]
[SourceQuality "1"]

1. e4 c5 2. Nf3 Nc6 3. Bb5 d6 4. 0-0 Bd7 5. Re1 Nf6 6. c3 a6 7. Ba4 c4 8. Bc2 Bg4 9. h3 Bh5 10. g4 Bg6 11. Qe2 d5 12. d3 cxd3 13. Qxd3 dxe4 14. Qxd8+ Rxd8 15. Nh4 e3 16. Nxg6 exf2+ 17. Kxf2 hxg6 18. Kg2 e6 19. Nd2 Bd6 20. Ne4 Nxe4 21. Bxe4 0-0 22. Be3 Bc7 23. Rad1 Rxd1 24. Rxd1 Rd8 25. Rxd8+ Bxd8 26. c4 f5 27. Bf3 Kf7 28. a3 Bc7 29. b4 Nd8 30. a4 b6 31. c5 bxc5 32. Bxc5 Ke8 33. a5 Kd7 34. Be2 Kc6 35. Bxa6 Bxa5 36. Be7 Bb6 37. Bc4 Kd7 38. Bxd8 Bxd8 39. Kg3 Ke7 40. Kf4 Kf6 41. g5+ Ke7 42. b5 Kd6 43. Bf1 e5+ 0-1

[Event "Marburg op-A"]
[Site "Marburg"]
[Date "2023.10.26"]
[Round "1"]
[White "Erdmann, Stefan"]
[Black "Schelhorn, Paul"]
[Result "0-1"]
[WhiteElo "2066"]
[BlackElo "1807"]
[PlyCount "170"]
[EventDate "2023.10.26"]
[EventType "swiss"]
[EventRounds "7"]
[EventCountry "GER"]
[SourceTitle "CB49_2023"]
[SourceDate "2023.12.06"]
[SourceVersion "1"]
[SourceVersionDate "2023.12.06"]
[SourceQuality "1"]

1. d4 d5 2. Nf3 Nf6 3. c4 dxc4 4. e3 g6 5. Bxc4 Bg7 6. 0-0 0-0 7. Nc3 c5 8. dxc5 Qc7 9. b4 a5 10. Nb5 Qc6 11. Nfd4 Qe4 12. f3 Qe5 13. f4 Qh5 14. Qxh5 Nxh5 15. Nc7 Ra7 16. b5 b6 17. cxb6 Rb7 18. Bd2 Rxb6 19. Bxa5 Rd6 20. Rad1 Nxf4 21. exf4 Bxd4+ 22. Kh1 Bg4 23. Rde1 Bc5 24. h3 Bf5 25. Nd5 Rd7 26. Rc1 Be4 27. Nc3 Ba8 28. Ne2 Be3 29. Rcd1 Ra7 30. Bb4 Nd7 31. Rd3 Bb6 32. a3 Nf6 33. Ng3 Rc8 34. Bb3 h5 35. f5 g5 36. Ra1 h4 37. Ne2 Ne4 38. Be1 Bf2 39. Kh2 Bc5 40. a4 Bd6+ 41. Kh1 Nc5 42. Rc1 Rac7 43. Rxd6 exd6 44. Ba5 Re7 45. Nd4 Rce8 46. Bc2 Ne4 47. Nc6 Ng3+ 48. Kh2 Re2 49. Bd3 Ra2 50. Bb4 Ne2 51. Re1 Re3 52. Bc4 Rc2 53. Bxe2 Rexe2 54. Rxe2 Rxe2 55. Bxd6 f6 56. Kg1 Rc2 57. Kf1 Bxc6 58. bxc6 Rxc6 59. Be7 Ra6 60. g4 Kf7 61. Bc5 Rxa4 62. Kg2 Rc4 63. Bf2 Rc3 64. Be1 Rb3 65. Bf2 Ke7 66. Bc5+ Kd7 67. Bd4 Ke7 68. Bc5+ Kf7 69. Bf2 Ra3 70. Be1 Ke8 71. Bf2 Kd7 72. Bd4 Ra6 73. Kf3 Rd6 74. Ke4 Rxd4+ 75. Kxd4 Kd6 76. Kc4 Ke5 77. Kc5 Kf4 78. Kd6 Kg3 79. Ke6 Kxh3 80. Kxf6 Kxg4 81. Ke6 h3 82. f6 h2 83. f7 h1Q 84. f8Q Qe4+ 85. Kd7 Qf5+ 0-1

[Event "Rhein Main op-A 25th"]
[Site "Bad Homburg"]
[Date "2023.06.10"]
[Round "6"]
[White "Erdmann, Stefan"]
[Black "Harringer, Manfred"]
[Result "1-0"]
[WhiteElo "2123"]
[BlackElo "2005"]
[PlyCount "77"]
[EventDate "2023.06.07"]
[EventType "swiss"]
[EventRounds "7"]
[EventCountry "GER"]
[SourceTitle "CBM 215 Extra"]
[Source "ChessBase"]
[SourceDate "2023.09.30"]
[SourceVersion "1"]
[SourceVersionDate "2023.09.30"]
[SourceQuality "1"]

1. d4 Nf6 2. c4 e6 3. g3 d5 4. Nf3 Be7 5. Bg2 0-0 6. 0-0 dxc4 7. Qc2 a6 8. a4 Bd7 9. Nbd2 Bc6 10. Nxc4 Be4 11. Qd1 c5 12. dxc5 Bxc5 13. Be3 Bxe3 14. Nxe3 Nc6 15. Qb3 Qe7 16. Rfd1 Rfd8 17. Rac1 Qb4 18. Rxd8+ Rxd8 19. Qxb4 Nxb4 20. Ne5 Bxg2 21. Kxg2 Ne8 22. Rc4 a5 23. Rc5 Ra8 24. N3c4 f6 25. Nb6 Ra6 26. Nec4 Nc6 27. Rb5 Nc7 28. Rb3 Nb4 29. e4 Nc6 30. Rd3 Na8 31. Nc8 Ne5 32. Rd8+ Kf7 33. N4d6+ Kg6 34. Ne7+ Kh5 35. h3 g5 36. Ne8 Nf7 37. Nxf6+ Kh6 38. Ng4+ Kh5 39. Rf8 1-0

[Event "Rhein Main op-A 25th"]
[Site "Bad Homburg"]
[Date "2023.06.07"]
[Round "1"]
[White "Erdmann, Stefan"]
[Black "Kutzner, Joachim"]
[Result "1-0"]
[WhiteElo "2123"]
[BlackElo "1875"]
[PlyCount "75"]
[EventDate "2023.06.07"]
[EventType "swiss"]
[EventRounds "7"]
[EventCountry "GER"]
[SourceTitle "CBM 215 Extra"]
[Source "ChessBase"]
[SourceDate "2023.09.30"]
[SourceVersion "1"]
[SourceVersionDate "2023.09.30"]
[SourceQuality "1"]

1. d4 Nf6 2. c4 g6 3. g3 Bg7 4. Bg2 d6 5. Nc3 Nc6 6. Nf3 Bg4 7. h3 Bxf3 8. Bxf3 Nd7 9. e3 e5 10. d5 Ne7 11. e4 0-0 12. h4 f5 13. Be3 f4 14. Bd2 c6 15. g4 g5 16. hxg5 Rf7 17. Qe2 a6 18. 0-0-0 Bf8 19. Rh5 Ng6 20. dxc6 bxc6 21. Na4 Nb6 22. Ba5 Nxa4 23. Bxd8 Rxd8 24. Qc2 Nc5 25. Rdh1 a5 26. Qc3 Ra8 27. Kb1 Rb7 28. Bd1 Rab8 29. f3 Ra7 30. R1h2 Rbb7 31. Bc2 Rb8 32. Qd2 Rbb7 33. Qd1 Ne6 34. Ba4 Nd4 35. Bxc6 Rc7 36. Bd5+ Kh8 37. Rd2 Bg7 38. Rxh7+ 1-0

[Event "Norway Chess op"]
[Site "Stavanger"]
[Date "2023.05.31"]
[Round "7"]
[White "Erdmann, Stefan"]
[Black "Catona, Dan"]
[Result "1-0"]
[WhiteElo "2123"]
[BlackElo "1800"]
[PlyCount "55"]
[EventDate "2023.05.27"]
[EventType "swiss"]
[EventRounds "10"]
[EventCountry "NOR"]
[SourceTitle "CBM 214 Extra"]
[Source "ChessBase"]
[SourceDate "2023.07.31"]
[SourceVersion "1"]
[SourceVersionDate "2023.07.31"]
[SourceQuality "1"]

1. d4 g6 2. c4 Bg7 3. Nf3 c5 4. d5 d6 5. g3 b5 6. cxb5 a6 7. bxa6 Nxa6 8. Nc3 Nb4 9. Bd2 Bf5 10. e4 Bg4 11. Bb5+ Kf8 12. 0-0 Qb6 13. Kg2 Bxf3+ 14. Qxf3 Nc2 15. Rab1 Nd4 16. Qd3 Nxb5 17. Nxb5 Rxa2 18. b4 Bh6 19. Bc3 Nf6 20. bxc5 Qxc5 21. Qf3 Kg7 22. Bd4 Qc2 23. Nxd6 Ra4 24. Bxf6+ exf6 25. e5 f5 26. Rbe1 Rf8 27. e6 Ra6 28. Nxf7 1-0

[Event "Frankfurt-chA"]
[Site "Frankfurt"]
[Date "2022.05.09"]
[Round "3"]
[White "Erdmann, Stefan"]
[Black "Raumanns, Niklas"]
[Result "0-1"]
[WhiteElo "2200"]
[BlackElo "1756"]
[PlyCount "100"]
[EventDate "2022.04.25"]
[EventType "swiss"]
[EventRounds "7"]
[EventCountry "GER"]
[SourceTitle "EXT 2023"]
[Source "ChessBase"]
[SourceDate "2022.10.05"]
[SourceVersion "1"]
[SourceVersionDate "2022.10.05"]
[SourceQuality "1"]

1. d4 Nf6 2. c4 e5 3. dxe5 Ng4 4. Nf3 Bc5 5. e3 Nc6 6. Nc3 0-0 7. Be2 Re8 8. a3 a5 9. b3 Ngxe5 10. Bb2 Nxf3+ 11. Bxf3 Ne5 12. Ne4 Nxf3+ 13. gxf3 Bf8 14. Rg1 Ra6 15. Qd2 Rxe4 16. fxe4 Qh4 17. Qd4 Rg6 18. Rxg6 hxg6 19. Qe5 d6 20. Qf4 Qh5 21. a4 d5 22. Ba3 Bxa3 23. Rxa3 dxc4 24. bxc4 Qc5 25. Rd3 Qb4+ 26. Ke2 Qxc4 27. e5 Be6 28. Kd2 Qa2+ 29. Ke1 g5 30. Rd8+ Kh7 31. Qxg5 Qb1+ 32. Rd1 Qb4+ 33. Kf1 Qc4+ 34. Kg1 Qe2 35. Rd4 Kg8 36. Qd8+ Kh7 37. Qh4+ Kg6 38. Qg3+ Kh7 39. Qh4+ Kg6 40. Qg3+ Kh7 41. Kg2 c5 42. Rh4+ Kg8 43. e4 c4 44. Qg5 Qd1 45. Qe7 Qd7 46. Qc5 Qc6 47. Qxc6 bxc6 48. Kf1 c3 49. Ke2 g5 50. Rh5 Bg4+ 0-1

[Event "Karlsruhe Grenke op"]
[Site "Karlsruhe"]
[Date "2019.04.19"]
[Round "3"]
[White "Thinius, Marco"]
[Black "Erdmann, Stefan"]
[Result "1-0"]
[WhiteElo "2406"]
[BlackElo "2199"]
[PlyCount "108"]
[EventDate "2019.04.18"]
[EventType "swiss"]
[EventRounds "9"]
[EventCountry "GER"]
[SourceTitle "CBM 189 Extra"]
[Source "ChessBase"]
[SourceDate "2019.06.03"]
[SourceVersion "1"]
[SourceVersionDate "2019.06.03"]
[SourceQuality "1"]

1. Nf3 c5 2. c4 Nc6 3. g3 g6 4. Bg2 Bg7 5. Nc3 e6 6. d4 cxd4 7. Nb5 d5 8. cxd5 Qa5+ 9. Nd2 Qxb5 10. a4 Qb4 11. dxc6 Ne7 12. b3 bxc6 13. Ba3 Qb7 14. 0-0 0-0 15. Nc4 Qc7 16. Rc1 Re8 17. Bd6 Qd8 18. Be5 Bxe5 19. Nxe5 Bb7 20. Qd2 f6 21. Nxc6 Nxc6 22. Bxc6 Re7 23. b4 Kg7 24. b5 Qd6 25. Bxb7 Rxb7 26. Rc6 Qd5 27. Rfc1 Rd8 28. R1c5 Qe4 29. f3 Qb1+ 30. Rc1 Qb3 31. Rc7+ Rd7 32. Rxb7 Rxb7 33. Qxd4 e5 34. Qe4 Rd7 35. Kf2 Qb2 36. Rc2 Qa1 37. Kg2 Qe1 38. h4 h5 39. Rc8 Rf7 40. Qc4 Qa5 41. Kf1 Qb6 42. Qc6 Qxc6 43. Rxc6 Rd7 44. e4 Kf7 45. Ke2 Ke7 46. Ke3 g5 47. a5 gxh4 48. gxh4 Rd1 49. Rc7+ Kd6 50. Rxa7 Rb1 51. Rb7 Rb3+ 52. Kf2 Kc5 53. a6 f5 54. exf5 Kd5 1-0

[Event "Heusenstamm Sparkassen op-A 5th"]
[Site "Heusenstamm"]
[Date "2018.11.25"]
[Round "6"]
[White "Erdmann, Stefan"]
[Black "Scharrer, Udo"]
[Result "1-0"]
[WhiteElo "2216"]
[BlackElo "2014"]
[PlyCount "95"]
[EventDate "2018.11.22"]
[EventType "swiss"]
[EventRounds "7"]
[EventCountry "GER"]
[SourceTitle "CBM 188 Extra"]
[Source "ChessBase"]
[SourceDate "2019.02.26"]
[SourceVersion "1"]
[SourceVersionDate "2019.02.26"]
[SourceQuality "1"]

1. d4 Nf6 2. c4 g6 3. Nc3 Bg7 4. Nf3 0-0 5. g3 d6 6. Bg2 Nc6 7. 0-0 a6 8. Qd3 e5 9. dxe5 Nxe5 10. Nxe5 dxe5 11. Qxd8 Rxd8 12. Bg5 Re8 13. Nd5 Nxd5 14. cxd5 f6 15. Bd2 Bf8 16. Rac1 Bd6 17. e4 f5 18. f3 Bd7 19. Rfe1 c6 20. dxc6 Bxc6 21. Ba5 fxe4 22. fxe4 Re7 23. Bh3 Rae8 24. Bf1 Bc7 25. Bb4 Bb6+ 26. Bc5 Bxc5+ 27. Rxc5 Rd8 28. Bc4+ Kg7 29. Bd5 Bxd5 30. exd5 Rd6 31. Kf2 b6 32. Rc6 Rxc6 33. dxc6 Kf6 34. Rc1 Rc7 35. Ke3 Ke6 36. Ke4 a5 37. g4 Kd6 38. g5 b5 39. Rf1 Rxc6 40. Rf6+ Kc5 41. Rxc6+ Kxc6 42. Kxe5 Kc5 43. Kf6 a4 44. Kg7 Kb4 45. Kxh7 a3 46. bxa3+ Kxa3 47. Kxg6 Kxa2 48. Kf6 1-0

[Event "Rhein Main op-A 21st"]
[Site "Bad Homburg"]
[Date "2018.06.03"]
[Round "7"]
[White "Erdmann, Stefan"]
[Black "Schmitt, Carsten1111"]
[Result "1-0"]
[WhiteElo "2212"]
[BlackElo "1936"]
[PlyCount "83"]
[EventDate "2018.05.30"]
[EventType "swiss"]
[EventRounds "7"]
[EventCountry "GER"]
[SourceTitle "EXT 2019"]
[Source "ChessBase"]
[SourceDate "2018.10.10"]
[SourceVersion "1"]
[SourceVersionDate "2018.10.10"]
[SourceQuality "1"]

1. d4 d5 2. Bf4 Nf6 3. e3 e6 4. Nd2 c5 5. c3 Bd6 6. Bxd6 Qxd6 7. f4 0-0 8. Ngf3 b6 9. Ne5 Ba6 10. Bxa6 Nxa6 11. 0-0 Rae8 12. Kh1 Nd7 13. Qa4 Ndb8 14. Rf3 f6 15. Ng4 Qd7 16. Qd1 e5 17. Rh3 exd4 18. cxd4 cxd4 19. exd4 Nc6 20. Nb3 Re4 21. Rh4 Rfe8 22. Nf2 Re2 23. Nd3 Qf5 24. Ne5 Qe4 25. Nf3 Nab4 26. f5 Qxf5 27. Qf1 Nd3 28. Kg1 Rxb2 29. Nbd2 Ncb4 30. a3 Nc2 31. Rd1 Qe6 32. Qxd3 Qe3+ 33. Qxe3 Rxe3 34. a4 Ra3 35. Rh5 Rxa4 36. Rxd5 b5 37. Rd7 Raa2 38. Rc1 a5 39. Ne1 h6 40. Nd3 Nxd4 41. Rc8+ Kh7 42. Nxb2 1-0

[Event "Rhein Main op-A 21st"]
[Site "Bad Homburg"]
[Date "2018.06.01"]
[Round "4"]
[White "Pichl, Michael"]
[Black "Erdmann, Stefan"]
[Result "0-1"]
[WhiteElo "2064"]
[BlackElo "2212"]
[PlyCount "80"]
[EventDate "2018.05.30"]
[EventType "swiss"]
[EventRounds "7"]
[EventCountry "GER"]
[SourceTitle "EXT 2019"]
[Source "ChessBase"]
[SourceDate "2018.10.10"]
[SourceVersion "1"]
[SourceVersionDate "2018.10.10"]
[SourceQuality "1"]

1. g3 d5 2. Bg2 Nf6 3. Nf3 e6 4. 0-0 c5 5. d3 Nc6 6. Nbd2 Be7 7. e4 b6 8. Re1 Bb7 9. exd5 Nxd5 10. d4 cxd4 11. a3 Bf6 12. Nb3 Nde7 13. Nfxd4 Bxd4 14. Nxd4 Qxd4 15. Qxd4 Nxd4 16. Bxb7 Rd8 17. Be4 f5 18. Bd3 Nf3+ 19. Kf1 Nxe1 20. Kxe1 Kf7 21. f4 h6 22. b4 Nc6 23. Bb2 Nd4 24. Kf2 Nxc2 25. Rd1 Nd4 26. Ke3 Nc6 27. Rc1 Nb8 28. Rc7+ Rd7 29. Rc2 a6 30. a4 Rhd8 31. Be2 Rd6 32. b5 axb5 33. axb5 Nd7 34. Rc7 Kg6 35. Bf3 Nf6 36. Be5 Rd3+ 37. Ke2 Rd2+ 38. Ke1 Rxh2 39. Rb7 Rd3 40. Bc6 Rb3 0-1

[Event "Heusenstamm Sparkassen op-A 4th"]
[Site "Heusenstamm"]
[Date "2017.11.23"]
[Round "1"]
[White "Erdmann, Stefan"]
[Black "Wolff, Peter"]
[Result "1-0"]
[WhiteElo "2194"]
[BlackElo "1906"]
[PlyCount "79"]
[EventDate "2017.11.23"]
[EventType "swiss"]
[EventRounds "7"]
[EventCountry "GER"]
[SourceTitle "EXT 2019"]
[Source "ChessBase"]
[SourceDate "2018.10.10"]
[SourceVersion "1"]
[SourceVersionDate "2018.10.10"]
[SourceQuality "1"]

1. d4 d5 2. c4 c6 3. Nf3 Nf6 4. Nc3 e6 5. e3 Nbd7 6. Qc2 Bd6 7. Be2 0-0 8. 0-0 Re8 9. h3 Qe7 10. Rd1 a5 11. e4 dxe4 12. Nxe4 Nxe4 13. Qxe4 f5 14. Qc2 h6 15. c5 Bc7 16. Bc4 b5 17. cxb6 Nxb6 18. Ne5 Bb7 19. Bf4 Rad8 20. Ng6 Qf7 21. Bxc7 Qxc7 22. Re1 Nd5 23. Rad1 Qb6 24. a3 Kh7 25. Ne5 Rf8 26. Ba2 Rf6 27. Bb1 Kg8 28. Nc4 Qc7 29. Rd2 c5 30. Ne3 Nf4 31. dxc5 Rxd2 32. Qxd2 Rg6 33. Qd6 Qc8 34. Qxf4 Qc6 35. f3 e5 36. Qxf5 Rg5 37. Ba2+ Kh8 38. Qf8+ Kh7 39. Bg8+ Kg6 40. Qf7# 1-0

[Event "Heusenstamm Sparkassen op-A 3rd"]
[Site "Heusenstamm"]
[Date "2016.11.25"]
[Round "2"]
[White "Korneev, Oleg"]
[Black "Erdmann, Stefan"]
[Result "1-0"]
[WhiteElo "2582"]
[BlackElo "2155"]
[PlyCount "45"]
[EventDate "2016.11.24"]
[EventType "swiss"]
[EventRounds "7"]
[EventCountry "GER"]
[SourceTitle "CBM 175 Extra"]
[Source "ChessBase"]
[SourceDate "2016.12.12"]
[SourceVersion "1"]
[SourceVersionDate "2016.12.12"]
[SourceQuality "1"]

1. e4 c5 2. Nf3 Nc6 3. Bb5 d6 4. 0-0 Bd7 5. Re1 Nf6 6. c3 a6 7. Bf1 Bg4 8. h3 Bh5 9. g4 Bg6 10. d4 e6 11. d5 Ne5 12. Nfd2 exd5 13. f4 Nxe4 14. fxe5 Qh4 15. Nxe4 Bxe4 16. Rxe4 dxe4 17. Qa4+ b5 18. Bxb5+ Ke7 19. Kg2 h5 20. exd6+ Kf6 21. Qxe4 hxg4 22. Qf4+ Kg6 23. Bd3+ 1-0

[Event "Heusenstamm Sparkassen op-A 3rd"]
[Site "Heusenstamm"]
[Date "2016.11.24"]
[Round "1"]
[White "Erdmann, Stefan"]
[Black "Thomas, Tobias"]
[Result "1-0"]
[WhiteElo "2155"]
[BlackElo "1842"]
[PlyCount "75"]
[EventDate "2016.11.24"]
[EventType "swiss"]
[EventRounds "7"]
[EventCountry "GER"]
[SourceTitle "EXT 2018"]
[Source "ChessBase"]
[SourceDate "2017.10.13"]
[SourceVersion "1"]
[SourceVersionDate "2017.10.13"]
[SourceQuality "1"]

1. d4 Nf6 2. c4 g6 3. Nc3 Bg7 4. e4 d6 5. f4 c5 6. d5 0-0 7. Nf3 Re8 8. Be2 e6 9. e5 dxe5 10. fxe5 Ng4 11. Bg5 Qa5 12. 0-0 Nxe5 13. Ne4 Nxf3+ 14. Bxf3 Nd7 15. Nd6 Rf8 16. Be7 Qb6 17. Bxf8 Nxf8 18. Nxc8 Rxc8 19. dxe6 Nxe6 20. Qd7 Qc7 21. Qxc7 Rxc7 22. Rab1 Nd4 23. b3 Nxf3+ 24. gxf3 Bd4+ 25. Kg2 Re7 26. Rfe1 Kf8 27. Rxe7 Kxe7 28. Re1+ Kd7 29. Kg3 f6 30. Re2 Bc3 31. Kf4 Ba5 32. h4 Bc7+ 33. Kg4 h5+ 34. Kh3 Bf4 35. Re1 a6 36. Rg1 g5 37. Rd1+ Bd6 38. Rd5 1-0

[Event "Rhein Main op-A 18th"]
[Site "Bad Homburg"]
[Date "2015.06.07"]
[Round "7"]
[White "Erdmann, Stefan"]
[Black "Lenz, Jonas"]
[Result "1/2-1/2"]
[WhiteElo "2134"]
[BlackElo "2000"]
[PlyCount "78"]
[EventDate "2015.06.03"]
[EventType "swiss"]
[EventRounds "7"]
[EventCountry "GER"]
[SourceTitle "CBM 167 Extra"]
[Source "ChessBase"]
[SourceDate "2015.09.14"]
[SourceVersion "1"]
[SourceVersionDate "2015.09.14"]
[SourceQuality "1"]

1. d4 Nf6 2. c4 c5 3. d5 e6 4. Nc3 exd5 5. cxd5 d6 6. e4 g6 7. f4 Bg7 8. Nf3 0-0 9. Be2 Bg4 10. 0-0 Nbd7 11. h3 Bxf3 12. Bxf3 Re8 13. g4 h6 14. Qc2 c4 15. Be3 Qa5 16. e5 dxe5 17. g5 Nh7 18. f5 Nxg5 19. Bxg5 Qb6+ 20. Kh1 hxg5 21. fxg6 Qxg6 22. Qxg6 fxg6 23. Bg4 Nf6 24. Be6+ Rxe6 25. dxe6 Re8 26. Rad1 Rxe6 27. Rd8+ Kh7 28. Rc8 Re7 29. Rxc4 e4 30. Kg2 e3 31. Re1 a6 32. Kf3 b5 33. Rc6 b4 34. Nd1 Nd5 35. Nxe3 Bxb2 36. Nxd5 Rxe1 37. Rxa6 Bc3 38. Ra7+ Kh8 39. Ra5 Bd2 1/2-1/2

[Event "Eschborn op 11th"]
[Site "Eschborn"]
[Date "2014.09.06"]
[Round "2"]
[White "Erdmann, Stefan"]
[Black "Klug, Christian"]
[Result "1-0"]
[WhiteElo "2124"]
[BlackElo "1850"]
[PlyCount "43"]
[EventDate "2014.09.05"]
[EventType "swiss"]
[EventRounds "5"]
[EventCountry "GER"]
[SourceTitle "EXT 2015"]
[Source "ChessBase"]
[SourceDate "2014.11.20"]
[SourceVersion "1"]
[SourceVersionDate "2014.11.20"]
[SourceQuality "1"]

1. d4 Nf6 2. c4 g6 3. Nc3 d5 4. cxd5 Nxd5 5. e4 Nxc3 6. bxc3 Bg7 7. Nf3 c5 8. Rb1 0-0 9. Be2 cxd4 10. cxd4 Qa5+ 11. Bd2 Qxa2 12. 0-0 Bg4 13. Bg5 h6 14. Be3 Nc6 15. d5 Na5 16. Rb4 b6 17. e5 Bxf3 18. Bxf3 Nc4 19. d6 Nxe5 20. Bxa8 Rxa8 21. dxe7 Nc6 22. Re4 1-0

[Event "Eschborn op 10th"]
[Site "Eschborn"]
[Date "2013.09.01"]
[Round "5"]
[White "Erdmann, Stefan"]
[Black "Rutsatz, Mario"]
[Result "1-0"]
[WhiteElo "2137"]
[BlackElo "1919"]
[PlyCount "49"]
[EventDate "2013.08.30"]
[EventType "swiss"]
[EventRounds "5"]
[EventCountry "GER"]
[SourceTitle "EXT 2014"]
[Source "ChessBase"]
[SourceDate "2013.11.20"]
[SourceVersion "1"]
[SourceVersionDate "2013.11.20"]
[SourceQuality "1"]

1. d4 Nf6 2. c4 g6 3. Nc3 d5 4. cxd5 Nxd5 5. e4 Nxc3 6. bxc3 c5 7. Nf3 Bg7 8. Rb1 0-0 9. Be2 b6 10. 0-0 Bb7 11. Qd3 Ba6 12. Qe3 cxd4 13. cxd4 Bxe2 14. Qxe2 Qd7 15. Bg5 Nc6 16. d5 Nd4 17. Nxd4 Bxd4 18. Rb3 Rfe8 19. Rd1 Qa4 20. Rbd3 Bc5 21. Bh6 Rac8 22. Qb2 f6 23. e5 fxe5 24. Qxe5 Bxf2+ 25. Kh1 1-0

[Event "Eschborn op 10th"]
[Site "Eschborn"]
[Date "2013.08.31"]
[Round "2"]
[White "Ottenburg, Ralph"]
[Black "Erdmann, Stefan"]
[Result "1/2-1/2"]
[WhiteElo "1870"]
[BlackElo "2137"]
[PlyCount "115"]
[EventDate "2013.08.30"]
[EventType "swiss"]
[EventRounds "5"]
[EventCountry "GER"]
[SourceTitle "EXT 2014"]
[Source "ChessBase"]
[SourceDate "2013.11.20"]
[SourceVersion "1"]
[SourceVersionDate "2013.11.20"]
[SourceQuality "1"]

1. d4 d5 2. c4 c6 3. Nf3 Nf6 4. e3 g6 5. b3 Bg7 6. Bb2 0-0 7. Qc2 Bf5 8. Bd3 Bxd3 9. Qxd3 Ne4 10. Nc3 f5 11. Ne5 e6 12. 0-0 Nd7 13. Nxd7 Qxd7 14. f3 Nxc3 15. Bxc3 Rad8 16. Rad1 Rf7 17. Rfe1 Bf8 18. e4 Bd6 19. cxd5 cxd5 20. e5 Bf8 21. Qd2 Qb5 22. Rc1 Ba3 23. Bb2 Bf8 24. Rc2 a5 25. Rec1 a4 26. bxa4 Qxa4 27. Rc7 Rxc7 28. Rxc7 Bb4 29. Bc3 Bxc3 30. Rxc3 Ra8 31. Rc2 b5 32. Qc3 b4 33. Qb3 Qxb3 34. axb3 Ra1+ 35. Kf2 Rb1 36. Rc7 Rxb3 37. Re7 Rd3 38. Rxe6 Rxd4 39. Ke3 Rc4 40. Kd3 b3 41. Rb6 Rc2 42. Kd4 Rxg2 43. Kxd5 Rxh2 44. Ke6 Kg7 45. Rb7+ Kh6 46. Kf6 b2 47. e6 Re2 48. e7 Rxe7 49. Kxe7 Kg5 50. Rxb2 Kf4 51. Kf6 Kxf3 52. Kg5 h5 53. Rb3+ Kg2 54. Rb6 h4 55. Kxh4 f4 56. Rb2+ Kf3 57. Kg5 Kg3 58. Kxg6 1/2-1/2

[Event "Eschborn op 10th"]
[Site "Eschborn"]
[Date "2013.08.30"]
[Round "1"]
[White "Erdmann, Stefan"]
[Black "Reichel, Guenther"]
[Result "1-0"]
[WhiteElo "2137"]
[BlackElo "1566"]
[PlyCount "59"]
[EventDate "2013.08.30"]
[EventType "swiss"]
[EventRounds "5"]
[EventCountry "GER"]
[SourceTitle "EXT 2014"]
[Source "ChessBase"]
[SourceDate "2013.11.20"]
[SourceVersion "1"]
[SourceVersionDate "2013.11.20"]
[SourceQuality "1"]

1. d4 e6 2. c4 f5 3. g3 Nf6 4. Bg2 Bb4+ 5. Bd2 a5 6. Bxb4 axb4 7. Qb3 Qe7 8. c5 Nc6 9. Bxc6 bxc6 10. Qxb4 0-0 11. Qb3 Ba6 12. Nc3 Rfb8 13. Qc2 Rb4 14. Nf3 Ne4 15. b3 Ng5 16. Nxg5 Qxg5 17. Rd1 Qg4 18. 0-0 f4 19. Qe4 Rf8 20. Rfe1 d5 21. cxd6 cxd6 22. Kg2 Rf6 23. f3 Qh5 24. g4 Qe8 25. Qc2 Rg6 26. Qd2 e5 27. dxe5 Qxe5 28. e4 h5 29. h3 c5 30. Qd5+ 1-0

[Event "Karl Mala Memorial op-A 16th"]
[Site "Frankfurt"]
[Date "2013.07.14"]
[Round "6"]
[White "Kersten, Uwe"]
[Black "Erdmann, Stefan"]
[Result "1-0"]
[WhiteElo "2289"]
[BlackElo "2183"]
[PlyCount "31"]
[EventDate "2013.07.11"]
[EventType "swiss"]
[EventRounds "7"]
[EventCountry "GER"]
[SourceTitle "EXT 2014"]
[Source "ChessBase"]
[SourceDate "2013.11.20"]
[SourceVersion "1"]
[SourceVersionDate "2013.11.20"]
[SourceQuality "1"]

1. e4 c5 2. Nf3 Nc6 3. Bb5 d6 4. 0-0 Bd7 5. c3 Nf6 6. Re1 a6 7. Bxc6 Bxc6 8. d4 e5 9. dxe5 dxe5 10. Qxd8+ Rxd8 11. Nxe5 Bxe4 12. f3 Bxb1 13. Ng6+ Be4 14. Nxh8 c4 15. fxe4 Bc5+ 16. Be3 1-0